A quel parti politique français fait iel parti.e ? #1 - Statistiques

Statistiques générales
  • Ce quiz a été pris 398 fois
  • Le résultat moyen est 11 sur 23
Statistiques - réponses
Personnalité Parti Politique % Correct
Fabien Roussel Parti Communiste Français
94%
Bruno Le Maire La République en Marche / Renaissance
88%
Jordan Bardella Rassemblement National
86%
Anne Hidalgo Parti Socialiste
85%
Emmanuel Macron La République en Marche / Renaissance
84%
Eric Zemmour Reconquête
83%
Éric Ciotti Les Républicains
80%
Adrien Quatennens La France Insoumise
79%
Sandrine Rousseau Europe Écologie Les Verts
75%
François Bayrou Mouvement Démocrate
73%
Christian Jacob Les Républicains
57%
Stéphane Le Foll Parti Socialiste
54%
Benoît Hamon Génération.s
29%
Nathalie Loiseau Horizons
23%
Anassse Kazib Révolution Permanente
23%
Frank Riester Agir
21%
Jean-Marie Le Pen Comités Jeanne
18%
Hervé Morin Les Centristes
15%
Jean-Yves Le Drian Territoire de Progrès
15%
Jean-Frédéric Poisson VIA, la voie du peuple
15%
Guillaume Lacroix Parti Radical de Gauche
14%
Georges Kuzmanovic République souveraine
10%
Christiane Taubira Walwari
10%
Aucun quiz correspondant
Distribution des résultats
% des personnes avec chaque résultat
Percentile par nombre de réponses
Votre historique - résultats
Vous n’avez pas pris ce quiz